000
00239nam a2200097Ia 4500
005
20251222114415.0
008
251222s1900||||xx |||||||||||||| ||spa||
082
_a
DVD0092/A91/2007
245
0
_a
Trascinati dalla belleza di Cristo
942
_c
DVD
999
_c
2181
_d
2181